[Event "Danilo Batricevic Mem Balkan GP"]
[Site "Cetinje MNE"]
[Date "2012.10.25"]
[Round "7.12"]
[White "Batricevic,S"]
[Black "Andrejic,V"]
[Result "1/2-1/2"]
[WhiteElo "2239"]
[BlackElo "2195"]

1.e4 c5 2.Nf3 e6 3.d4 cxd4 4.Nxd4 Nc6 5.Nc3 Qc7 6.Be3 a6 7.Qf3 Bd6 8.O-O-O Be5
9.Nxc6 bxc6 10.Bd4 Nf6 11.Bxe5 Qxe5 12.Be2 O-O 13.Qe3 Qa5 14.g4 d5 15.e5 Ne8
16.g5 c5 17.Qh3 Rb8 18.Kb1 Qb4 19.b3 Qf4 20.Qg3 Qxg3 21.hxg3 f6 22.gxf6 gxf6
23.f4 fxe5  1/2-1/2

[Event "16th Unive Open"]
[Site "Hoogeveen NED"]
[Date "2012.10.25"]
[Round "7"]
[White "Padurariu,I"]
[Black "Wiersma,E"]
[Result "0-1"]
[WhiteElo "2236"]
[BlackElo "2367"]

1.e4 c5 2.Nf3 e6 3.d4 cxd4 4.Nxd4 Nc6 5.Nc3 a6 6.Nxc6 bxc6 7.Be3 d5 8.Be2 Rb8
9.Rb1 Nf6 10.e5 Nd7 11.f4 c5 12.Bf2 Bb7 13.Bf3 g5 14.f5 Nxe5 15.fxe6 fxe6
16.Bh5+ Ng6 17.Qd3 Kf7 18.O-O Kg7 19.Bg3 Bd6 20.Bxd6 Qxd6 21.Ne4 Qb6 22.Rf7+ Kxf7
23.Qf3+ Ke7 24.Qf6+ Kd7 25.Qg7+ Kc6 26.Nxg5 Qc7 27.Qf7 Qe5  0-1

[Event "Chigorin Mem Rapid"]
[Site "St Petersburg RUS"]
[Date "2012.10.25"]
[Round "3.9"]
[White "Durarbayli,V"]
[Black "Stukopin,A"]
[Result "1-0"]
[WhiteElo "2584"]
[BlackElo "2494"]

1.e4 c5 2.Nf3 e6 3.d4 cxd4 4.Nxd4 Nc6 5.Nc3 Qc7 6.g3 a6 7.Bg2 d6 8.O-O Bd7
9.a4 Nf6 10.Nb3 Na5 11.Bf4 Nc4 12.Bc1 Be7 13.Kh1 O-O 14.f4 Rac8 15.g4 Bc6
16.g5 Nd7 17.Qe2 b5 18.axb5 axb5 19.Nd4 Qb6 20.Nxc6 Qxc6 21.f5 Rfe8 22.b3 Nce5
23.Nxb5 exf5 24.c4 fxe4 25.Bxe4 Qc5 26.Be3 Qb4 27.Qc2 Nc5 28.Bxh7+ Kh8 29.g6 Qxb3
30.gxf7 Rf8 31.Bxc5 Qxc2 32.Bxc2 Rxc5 33.Ra7 Bf6 34.Nxd6 Nxc4 35.Rf3 Bg5
36.Ne4 Re5 37.Nxg5 g6 38.Ne4 Kg7 39.Rc7 Nb6 40.Rc6 Nd5 41.Rc5 Rh5 42.Ng3 Rfh8  1-0

[Event "Magistral La Razon 2012"]
[Site "Villa Martelli ARG"]
[Date "2012.10.25"]
[Round "3.1"]
[White "Rodriguez Vila,A"]
[Black "Della Morte,G"]
[Result "1-0"]
[WhiteElo "2541"]
[BlackElo "2346"]

1.e4 c5 2.Nf3 e6 3.d4 cxd4 4.Nxd4 Nc6 5.Nc3 Qc7 6.g3 a6 7.Bg2 Nf6 8.O-O Be7
9.Re1 O-O 10.Nxc6 dxc6 11.e5 Nd5 12.Qg4 Rd8 13.Bh6 Bf8 14.Bg5 Re8 15.Ne4 Qxe5
16.c4 f5 17.Qh4 Qxb2 18.cxd5 fxe4 19.Bxe4 h6 20.dxc6 Bc5 21.Rab1 Qxf2+ 22.Kh1 Rf8
23.Bxh6 Rf5 24.Qg4 Bf8 25.Be3 Qxa2 26.cxb7 Bxb7 27.Rxb7  1-0

[Event "Chigorin Mem Rapid"]
[Site "St Petersburg RUS"]
[Date "2012.10.26"]
[Round "7.9"]
[White "Bartel,Mat"]
[Black "Malakhatko,V"]
[Result "1/2-1/2"]
[WhiteElo "2635"]
[BlackElo "2558"]

1.e4 c5 2.Nf3 e6 3.Nc3 Nc6 4.d4 cxd4 5.Nxd4 Qc7 6.g3 a6 7.Bg2 h5 8.Nf3 d6
9.O-O Nf6 10.Bg5 Be7 11.Re1 Ne5 12.Nd4 Bd7 13.a4 Rc8 14.Nce2 Nfg4 15.Bxe7 Kxe7
16.Qd2 Nf6 17.b3 h4 18.c4 hxg3 19.hxg3 Qc5 20.Nf4 g5 21.Nfe2 g4 22.Rad1 Rcd8
23.Nf4 a5 24.Qe3 Nc6 25.Nxc6+ Bxc6 26.Nd5+ Bxd5 27.Qxc5 dxc5 28.exd5 b6 29.Re5 Rd6
30.Rde1 Rh5 31.f4 gxf3 32.Bxf3 Rxe5 33.Rxe5 Nd7 34.Re3  1/2-1/2

[Event "Chigorin Mem Rapid"]
[Site "St Petersburg RUS"]
[Date "2012.10.26"]
[Round "8.4"]
[White "Negi,P"]
[Black "Grachev,B"]
[Result "0-1"]
[WhiteElo "2657"]
[BlackElo "2672"]

1.e4 c5 2.Nf3 e6 3.d4 cxd4 4.Nxd4 Nc6 5.Nc3 Qc7 6.g3 a6 7.Bg2 Nf6 8.O-O d6
9.Re1 Nd7 10.Nd5 exd5 11.Nxc6 bxc6 12.exd5+ Be7 13.Qg4 g6 14.Qd4 Ne5 15.f4 O-O
16.fxe5 dxe5 17.Qc3 Rb8 18.Qxc6 Bc5+ 19.Kh1 Qa5 20.Bh6 Rb6 21.Qc7 Bd6 22.Qc4 Re8
23.b3 Bf5 24.Qe2 Bb4 25.Rf1 Bc3 26.Rad1 Rd6 27.Qf2 Qc7 28.h3 f6 29.Be3 Rc8
30.a4 h5 31.Qe2 Bd7 32.Bc1 a5 33.Rd3 Bf5 34.Rxf5 gxf5 35.Qxh5 Qh7 36.Qe2 e4
37.Rd1 Be5 38.Bf4 Bxf4 39.gxf4 Rc3 40.Qb5 Rxh3+ 41.Kg1 Qa7+ 42.Kf1 Rh8 43.c4 Kg7
44.c5 Rdd8 45.d6 Qf7 46.c6 Qh5 47.Qe2 Qh4 48.Qe3 Qg4 49.Rd2 Rh2 50.d7 Rdh8
51.Qg1 Qxf4+ 52.Ke1 Qg3+ 53.Qf2 Rh1+ 54.Bxh1 Rxh1+ 55.Ke2 Qg4+ 56.Ke3 Rh3+
57.Kd4 e3+ 58.Kc5 Qb4+ 59.Kd5 Qxd2+  0-1

[Event "Magistral La Razon 2012"]
[Site "Villa Martelli ARG"]
[Date "2012.10.26"]
[Round "4.1"]
[White "Della Morte,G"]
[Black "Mekhitarian,K"]
[Result "1/2-1/2"]
[WhiteElo "2346"]
[BlackElo "2503"]

1.e4 c5 2.Nf3 e6 3.d4 cxd4 4.Nxd4 Nc6 5.Nc3 Qc7 6.g3 a6 7.Bg2 Nf6 8.O-O d6
9.Re1 Nd7 10.Nxc6 bxc6 11.Qg4 h5 12.Qg5 g6 13.Qd2 h4 14.b3 hxg3 15.hxg3 Bb7
16.Bb2 e5 17.Na4 Be7 18.Bc3 Bc8 19.Rad1 Qb8 20.Nb2 Nb6 21.a4 Bg4 22.f3 Be6
23.f4 Bg4 24.Ra1 Nd7 25.Nc4 Be6 26.Ne3 Qa7 27.Qf2 f6 28.f5 gxf5 29.exf5 Bf7
30.Bb4 a5 31.Ba3 d5 32.Bxe7 Kxe7 33.c4 d4 34.Nc2 Kf8 35.Bxc6 Rb8 36.Rab1 Nc5
37.Nxd4 exd4 38.Qxd4 Qb6 39.Bd5 Bxd5 40.cxd5 Qd6 41.Re3 Rb4 42.Qc3 Rg8 43.Rbe1 Rbg4
44.Kf2 Nd7 45.Qc8+ Kf7 46.Re7+ Qxe7 47.Rxe7+ Kxe7 48.Qc7 Rb8 49.d6+ Ke8 50.Qc2 Rgb4
51.Qc6 Rxb3 52.Qd5 Rb2+ 53.Ke3 R8b3+ 54.Kf4 Rb4+ 55.Ke3 R4b3+ 56.Kf4 Kf8
57.Qe6 Rb4+ 58.Ke3 R4b3+ 59.Kf4 Rb4+ 60.Ke3 R4b3+ 61.Kf4 Rb4+  1/2-1/2

[Event "38th Guernsey Open"]
[Site "Guernsey GCI"]
[Date "2012.10.27"]
[Round "7"]
[White "Brookfield,T"]
[Black "Thurlow,K"]
[Result "1-0"]
[WhiteElo "1824"]
[BlackElo "2025"]

1.e4 c5 2.Nf3 e6 3.d4 cxd4 4.Nxd4 Nc6 5.Nc3 a6 6.Nxc6 bxc6 7.e5 f6 8.Bd3 f5
9.g4 Qa5 10.f4 g6 11.Bd2 Qc7 12.gxf5 exf5 13.Bxf5 gxf5 14.Qh5+ Kd8 15.Qf7 Ne7
16.Rg1 Qb6 17.O-O-O Rb8 18.b3 c5 19.Na4 Qc6 20.Ba5+  1-0

[Event "TCh-SVK Extraliga 2012-13"]
[Site "Slovakia SVK"]
[Date "2012.10.27"]
[Round "1.3"]
[White "Kubala,J"]
[Black "Csonka,A1"]
[Result "0-1"]
[WhiteElo "2230"]
[BlackElo "2425"]

1.e4 c5 2.Nf3 e6 3.d4 cxd4 4.Nxd4 Nc6 5.Nc3 Qc7 6.Be2 a6 7.O-O Nf6 8.Be3 Bb4
9.Na4 Be7 10.Nxc6 bxc6 11.Nb6 Rb8 12.Nxc8 Qxc8 13.Bd4 Qc7 14.e5 Nd5 15.c4 Nf4
16.g3 Ng6 17.f4 O-O 18.Qd3 d6 19.exd6 Bxd6 20.c5 Be7 21.Qc3 Rfd8 22.Bxg7 Bxc5+
23.Qxc5 Kxg7 24.Rad1 Rd5 25.Rxd5 exd5 26.f5 Ne5 27.f6+ Kg8 28.Qc1 Kh8 29.Rf5 Qb6+
30.Kh1 Qd4 31.Qh6 Qe4+ 32.Kg1 Rg8 33.Qh5 Nd7 34.Rf2 Rg6 35.Bxa6 Nxf6 36.Qe2 Qd4
37.Kg2 Kg7 38.Bd3 Rg5 39.Qf3 Qe5 40.a4 Rg4 41.Bxh7 Rxa4 42.Bc2 Ra2 43.b3 d4
44.Re2 Qd5 45.Qxd5 Nxd5 46.Bd3 Ra3 47.Rb2 c5 48.Kf3 Ne3 49.Kf4 Ra1 50.Rd2 f6
51.h4 Re1 52.Kf3 f5 53.Ra2 Kf6 54.Ra5 Ng4 55.Bc4 Re3+ 56.Kg2 d3 57.Bxd3 Rxd3
58.Rxc5 Rd2+ 59.Kg1 Ne3 60.b4 Rg2+  0-1

[Event "Chigorin Memorial 2012"]
[Site "St Petersburg RUS"]
[Date "2012.10.27"]
[Round "1.3"]
[White "Almasi,Z"]
[Black "Zalkind,K"]
[Result "1-0"]
[WhiteElo "2707"]
[BlackElo "2232"]

1.e4 c5 2.Nf3 e6 3.d4 cxd4 4.Nxd4 Nc6 5.Nc3 Qc7 6.Be3 a6 7.Qd2 Nf6 8.O-O-O Bb4
9.f3 Ne5 10.Nb3 b5 11.Kb1 Nc4 12.Bxc4 bxc4 13.Nd4 Rb8 14.Ka1 O-O 15.g4 d6
16.a3 Bc5 17.Na4 e5 18.Nf5 Bxe3 19.Nxe3 Be6 20.Nc3 Rfd8 21.h4 Qb6 22.Rb1 Qd4
23.Rhd1 Qxd2 24.Rxd2 Kf8 25.Rbd1 Ke7 26.g5 Ne8 27.Ncd5+ Bxd5 28.Rxd5 Nc7
29.Rxd6 Rxd6 30.Nf5+ Kf8 31.Rxd6 c3 32.b3 g6 33.Ne3 a5 34.a4 Ne6 35.Rc6 Nd4
36.Rxc3 Nxf3 37.Nc4 Nxh4 38.Nxa5 f5 39.gxf6 g5 40.Nc6 Rc8 41.b4  1-0

[Event "Chigorin Memorial"]
[Site "St Petersburg RUS"]
[Date "2012.10.27"]
[Round "1.95"]
[White "Atabayev,Y"]
[Black "Westerberg,C"]
[Result "1-0"]
[WhiteElo "2407"]
[BlackElo "2007"]

1.e4 c5 2.Nf3 e6 3.d4 cxd4 4.Nxd4 Nc6 5.Nc3 Qc7 6.Ndb5 Qb8 7.a4 Nf6 8.g3 Bb4
9.Bg2 O-O 10.O-O a6 11.Na3 d6 12.Nc4 Nd7 13.f4 Qc7 14.Be3 Na5 15.Nxa5 Bxa5
16.Bd4 Bb6 17.Kh1 Rb8 18.Bxb6 Nxb6 19.Qd3 Bd7 20.f5 exf5 21.exf5 Rbd8 22.f6 Bc6
23.fxg7 Rfe8 24.Ne4 Kxg7 25.Ng5 Bxg2+ 26.Kxg2 Qc6+ 27.Kh3 Qd7+ 28.g4 f5 29.Rxf5  1-0

[Event "Vizag GM Open 2012"]
[Site "Visakhapatnam IND"]
[Date "2012.10.27"]
[Round "3.18"]
[White "Abhishek,K"]
[Black "Fominyh,A"]
[Result "0-1"]
[WhiteElo "2234"]
[BlackElo "2490"]

1.e4 c5 2.Nf3 e6 3.d4 cxd4 4.Nxd4 Nc6 5.Nc3 a6 6.g3 Nge7 7.Bg2 Nxd4 8.Qxd4 Nc6
9.Qd1 Be7 10.Be3 d6 11.O-O O-O 12.a4 Qc7 13.Ne2 b6 14.Ra3 Bd7 15.f4 b5 16.axb5 axb5
17.Rd3 Rfd8 18.Nd4 Nxd4 19.Bxd4 e5 20.fxe5 dxe5 21.Qh5 f6 22.Rc3 Qb8 23.Be3 Be6
24.Bh3 Bf7 25.Qg4 h5 26.Qe2 Qb7 27.Bf2 Ra6 28.Rd3 Rxd3 29.cxd3 Rc6 30.Ra1 Bc5
31.Bxc5 Rxc5 32.Qf2 Rc7 33.b4 Kf8 34.Qe3 g6 35.g4 hxg4 36.Bxg4 Kg7 37.Rc1 Rxc1+
38.Qxc1 Qb6+ 39.Qc5 Qxc5+ 40.bxc5 b4 41.c6 b3 42.Bd1 b2 43.Bc2 Kf8 44.c7 Be6
45.Kf2 Ke7 46.Ke2 Kd7 47.Bb1 Kxc7 48.Kd2 Kd6 49.Kc2 Kc5 50.Kxb2 Kd4 51.Kc2 g5
52.Kd2 Bb3 53.h3 Be6 54.Bc2 Bxh3 55.Bb3 Bd7 56.Bc4 Ba4 57.Ke2 Bc2 58.Kd2 Bb1
59.Ba6 g4 60.Ke2 g3 61.Kf3 Bxd3 62.Bc8 Bxe4+ 63.Kxg3 Ke3 64.Kh2 Kf2 65.Kh3 Bf3
66.Kh4 e4  0-1

[Event "e2e4 Basingstoke Int Open"]
[Site "Basingstoke ENG"]
[Date "2012.10.28"]
[Round "3.7"]
[White "Josse,Mar"]
[Black "Thorhallsson,T"]
[Result "1/2-1/2"]
[WhiteElo "2147"]
[BlackElo "2436"]

1.e4 c5 2.Nc3 e6 3.Nf3 Nc6 4.d4 cxd4 5.Nxd4 Qc7 6.Ndb5 Qb8 7.Be3 a6 8.Bb6 axb5
9.Nxb5 Bb4+ 10.c3 Ba5 11.Nc7+ Qxc7 12.Bxc7 Bxc7 13.Qg4 g6 14.Bb5 Nge7 15.h4 h5
16.Qe2 O-O 17.g4 hxg4 18.Qxg4 d5 19.Bxc6 bxc6 20.h5 Ra4 21.f3 dxe4 22.hxg6 Nxg6
23.O-O-O Kg7 24.Rdg1 Bb6 25.Rg2 Be3+ 26.Kb1 Ba6 27.Qh5 Bd3+ 28.Ka1 Kf6 29.fxe4 Bxe4
30.Rf1+ Ke7 31.Rxg6 Bxg6 32.Qe5 Rfa8 33.Qf6+ Ke8 34.a3 Bc5 35.Qh8+ Bf8 36.Rd1 Bc2
37.Rf1 Rd8 38.Qh1 Be4 39.Qh4 Rda8 40.Qf6 R4a7 41.Qd4 Ra4 42.Qf6 Bg6 43.Rd1 Bxa3
44.bxa3 Rxa3+ 45.Kb2 Ra2+ 46.Kb3 Bc2+ 47.Kb4 R2a4+ 48.Kc5 Bxd1 49.c4 Be2
50.Qh8+ Kd7 51.Qd4+ Kc8 52.Qh8+ Kd7 53.Qd4+ Ke7 54.Qh4+ Ke8 55.Qh8+  1/2-1/2

[Event "TCh-CZE Div1 Zapad 2012-13"]
[Site "Czech Republic CZE"]
[Date "2012.10.28"]
[Round "1.6"]
[White "Tuma,Ja"]
[Black "Folk,P"]
[Result "1/2-1/2"]
[WhiteElo "2275"]
[BlackElo "2228"]

1.e4 c5 2.Nf3 e6 3.Nc3 Nc6 4.d4 cxd4 5.Nxd4 Nf6 6.Ndb5 d6 7.Bf4 e5 8.Bg5 a6
9.Na3 b5 10.Bxf6 gxf6 11.Nd5 Bg7 12.c3 f5 13.exf5 Bxf5 14.Nc2 Be6 15.g3 O-O
16.Bg2 a5 17.O-O f5 18.Qh5 Rc8 19.a4 b4 20.cxb4 axb4 21.Ndxb4 Nxb4 22.Nxb4 e4
23.Rfd1 Qa5 24.Na2 Bxb2 25.Rab1 Be5 26.Nb4 Rc4 27.Nd5 Bxd5 28.Rb5 Qc7 29.Rbxd5 Rxa4
30.Bf1 Ra2 31.R1d2 Ra1 32.Rd1 Ra2 33.R5d2 Rxd2 34.Rxd2 Qc1 35.Rd1 Qc5 36.Qg5+ Kh8
37.Rc1 Bf6 38.Qh6 Bg7 39.Rxc5  1/2-1/2

[Event "Hotel Carilo GM"]
[Site "Pinamar ARG"]
[Date "2012.10.28"]
[Round "8.1"]
[White "Saldano Dayer,H"]
[Black "Dolezal,C"]
[Result "1-0"]
[WhiteElo "2436"]
[BlackElo "2417"]

1.e4 c5 2.Nf3 e6 3.d4 cxd4 4.Nxd4 Nc6 5.Nc3 a6 6.g3 Nge7 7.Nb3 b5 8.Bg2 Bb7
9.O-O d6 10.f4 Nc8 11.f5 Nb6 12.fxe6 fxe6 13.Ne2 e5 14.Nc3 Be7 15.Nd5 Nxd5
16.exd5 Na5 17.Nxa5 Qxa5 18.Qg4 g6 19.Qe6 Bc8 20.Qf7+ Kd8 21.Be3 Bf5 22.Rac1 Rc8
23.b4 Qc7 24.Qg7 Kd7 25.Bg5 Qd8 26.g4 Qf8 27.Qxe7+ Qxe7 28.Bxe7 Bxg4 29.Bg5 Bf5
30.c3 Rc4 31.Bd2 Rg4 32.h3 Rg3 33.Kh2 Rd3 34.Rf2 Rc8 35.a4 e4 36.Bf1  1-0

[Event "Chigorin Memorial 2012"]
[Site "St Petersburg RUS"]
[Date "2012.10.28"]
[Round "2.8"]
[White "Tilicheev,V"]
[Black "Negi,P"]
[Result "0-1"]
[WhiteElo "2397"]
[BlackElo "2657"]

1.e4 c5 2.Nf3 e6 3.d4 cxd4 4.Nxd4 Nc6 5.Nc3 Qc7 6.Be3 a6 7.Be2 Nf6 8.O-O Be7
9.f4 d6 10.Kh1 O-O 11.Qe1 Nxd4 12.Bxd4 b5 13.a3 Nd7 14.Qg3 Bf6 15.Rad1 Bb7
16.Bxf6 Nxf6 17.Bd3 Nd7 18.f5 Kh8 19.Qh3 e5 20.f6 Nxf6 21.Rxf6 gxf6 22.Nd5 Bxd5
23.exd5 f5 24.Qxf5 f6 25.Rf1 Rae8 26.Rf3 Re7 27.Rh3 Qd7 28.Qxd7 Rxd7 29.Bf5 Re7
30.g4 Rff7 31.Be6 Rg7 32.Rf3 Rg6 33.Rc3 e4 34.Kg2 f5 35.Bxf5 e3 36.Be6 Kg7
37.h3 Rf6 38.Rxe3 Rf4 39.Kg3 Rd4 40.Kf3 Rc7 41.c3 Rd2 42.Re2 Rxe2 43.Kxe2 Kf6
44.h4 Rc4 45.h5 Rf4 46.Bc8 a5 47.Bd7 h6 48.Bxb5 Rxg4 49.Kd3 Ke5 50.b4 Kxd5
51.bxa5 Rg5 52.Be8 Ke6 53.Kc4 Rxa5 54.Kb4 Ra8 55.Bg6 Kd5 56.Bf7+ Kc6 57.Bg6 Rf8
58.c4 Rb8+ 59.Kc3 Kc5 60.Kd3 Ra8 61.Bf7 Ra7 62.Be6 Rg7 63.Ke4 Rg5 64.Bf7 Re5+
65.Kf4 Kd4 66.a4 Rg5 67.a5 Rxa5 68.Bd5 Ra1 69.Kf5 Rg1 70.Kf6 Rg3 71.Bf7 Rg1
72.Ke6 Kxc4 73.Kxd6+ Kd4 74.Ke6 Rf1 75.Bg6 Ke3 76.Ke5 Ra1 77.Kf5 Rg1 78.Ke5 Rg4
79.Kd5 Ra4 80.Ke5 Ra5+ 81.Kf6 Kf4 82.Ke6 Kg5 83.Kd6 Kf6 84.Be8 Re5 85.Bg6 Rg5
86.Be8 Rg8 87.Bb5 Kg5 88.Be2 Re8 89.Bf3 Re3  0-1

[Event "Chigorin Memorial"]
[Site "St Petersburg RUS"]
[Date "2012.10.28"]
[Round "2.21"]
[White "Charochkina,D"]
[Black "Vorobiov,E"]
[Result "1/2-1/2"]
[WhiteElo "2343"]
[BlackElo "2598"]

1.e4 c5 2.Nf3 e6 3.d4 cxd4 4.Nxd4 Nc6 5.Nc3 Qc7 6.Ndb5 Qb8 7.Be3 a6 8.Bb6 axb5
9.Nxb5 Bb4+ 10.c3 Ba5 11.Nc7+ Qxc7 12.Bxc7 Bxc7 13.Qg4 Kf8 14.Bb5 Nf6 15.Qe2 g6
16.O-O Kg7 17.a4 d5 18.exd5 exd5 19.b4 Bg4 20.Qb2 Ne5 21.Rfe1 Bf5 22.Qd2 Nc4
23.Bxc4 dxc4 24.Qd4 Bd3 25.g3 Rhd8 26.Qc5 Rac8 27.Qb5 b6 28.a5 bxa5 29.bxa5 Rb8
30.Qc6 Rdc8 31.Qf3 Rb2 32.a6 Bb6 33.a7 Ne4 34.Rxe4 Rxf2 35.Qe3 Bxe3 36.Rxe3 Rc2
37.a8=Q Rxa8 38.Rxa8 Rxc3 39.Ra7 Rc1+ 40.Kg2 h5 41.h4 Rc2+ 42.Kg1 Kf6 43.Ra5 Bf5
44.Kf1 Rb2 45.Ke1 Bg4 46.Rc3 Re2+ 47.Kf1 Re4 48.Kf2 Be6 49.Kf3 Rg4 50.Rc5 Ke7
51.Ke2 Kd6 52.Ra5 Re4+ 53.Kd2 Rd4+ 54.Ke3 Rd1 55.Ke2 Rh1 56.Kd2 Rh2+ 57.Kc1 Rg2
58.Re3 Bf5 59.Kd1 Kc6 60.Kc1 Kb6 61.Rd5 Rc2+ 62.Kd1 Ra2 63.Kc1 Kc6 64.Rd2 Ra7
65.Kb2 Kc5 66.Rd8 Rb7+ 67.Kc3 Rb3+ 68.Kd2 Rb2+ 69.Kd1 Rg2 70.Ke1 Bg4 71.Kf1 Rb2
72.Ke1 Rb6 73.Kd2 Kb4 74.Kc2 Bf5+ 75.Kb2 Kc5+ 76.Kc3 Rb3+ 77.Kd2 Rb2+ 78.Kd1 Ra2
79.Ke1 Bd3 80.Rdxd3 cxd3 81.Rxd3 Ra6 82.Kf2 Rd6 83.Re3 Rf6+ 84.Kg2 Kd6 85.Rd3+ Ke7
86.Re3+ Re6 87.Ra3 Re4 88.Ra7+ Kf6 89.Kf3 Rd4 90.Rb7 Ke6 91.Ra7 f6 92.Rb7 Ke5
93.Rb5+ Rd5 94.Rb3 Kf5 95.Ra3 g5 96.hxg5 fxg5 97.g4+ hxg4+ 98.Kg3 Rd4 99.Ra5+ Kg6
100.Ra3 Kh5 101.Rb3 Rd1 102.Ra3 Rd8 103.Rb3 Rf8 104.Rb7 Rf3+ 105.Kg2 Re3
106.Rb6 Ra3 107.Rc6 g3 108.Kh3 Ra2 109.Kxg3 Ra3+ 110.Kg2 Kh4 111.Rc4+ g4
112.Rb4 Ra2+ 113.Kg1 Kh3 114.Rb3+ g3 115.Rb1 Rg2+ 116.Kh1  1/2-1/2

[Event "Vizag GM Open 2012"]
[Site "Visakhapatnam IND"]
[Date "2012.10.28"]
[Round "4.16"]
[White "Adhiban,Baskaran"]
[Black "Shamima,A"]
[Result "1-0"]
[WhiteElo "2564"]
[BlackElo "2151"]

1.e4 c5 2.Nf3 e6 3.d4 cxd4 4.Nxd4 Nc6 5.Nc3 Qc7 6.Be3 a6 7.Qd2 Nf6 8.O-O-O Bb4
9.f3 O-O 10.g4 b5 11.g5 Nh5 12.Nde2 Ne5 13.Ng3 Bxc3 14.bxc3 Nxg3 15.hxg3 Nxf3
16.Qf2 Ne5 17.Qh2 h6 18.gxh6 g6 19.Qf2 f6 20.Bc5 Rf7 21.Kb2 Bb7 22.Bd6 Nc4+
23.Bxc4 Qxc4 24.h7+ Kh8 25.Be5 Raf8 26.Rxd7 Rxd7  1-0

[Event "Chigorin Memorial"]
[Site "St Petersburg RUS"]
[Date "2012.10.29"]
[Round "3.26"]
[White "Malakhov,I"]
[Black "Soffer,R"]
[Result "1/2-1/2"]
[WhiteElo "2429"]
[BlackElo "2506"]

1.e4 c5 2.Nf3 e6 3.d4 cxd4 4.Nxd4 Nc6 5.Nc3 Qc7 6.Be2 a6 7.O-O Nf6 8.Be3 Bb4
9.Na4 Be7 10.Nxc6 bxc6 11.Nb6 Rb8 12.Nxc8 Qxc8 13.e5 Nd5 14.Bc1 Bc5 15.c4 Ne7
16.b3 Qc7 17.Bb2 d6 18.exd6 Bxd6 19.g3 Be5 20.Bxe5 Qxe5 21.c5 Qxc5 22.Bxa6 O-O
23.Qc1 Qa5 24.Bd3 Rfd8 25.Rd1 c5 26.Be4 Rxd1+ 27.Qxd1 Rd8 28.Qh5 h6 29.Qe5 Rd4
30.Qb8+ Rd8 31.Qe5 Rd4 32.Rc1 Qd2 33.Rc4 g6 34.Rxd4 cxd4 35.Kg2 Nf5 36.Bxf5 gxf5
37.Qb8+ Kg7 38.Qf4 Qd1 39.b4 d3 40.Qd4+ Kg6 41.b5 d2 42.b6 Qe2 43.b7 d1=Q
44.Qxd1 Qxd1 45.b8=Q Qd5+ 46.Kg1 Qd1+ 47.Kg2 Qd5+ 48.Kg1  1/2-1/2

[Event "Chigorin Memorial 2012"]
[Site "St Petersburg RUS"]
[Date "2012.10.29"]
[Round "3.8"]
[White "Eliseev,U"]
[Black "Kovalyov,A"]
[Result "1/2-1/2"]
[WhiteElo "2486"]
[BlackElo "2593"]

1.e4 c5 2.Nf3 e6 3.d4 cxd4 4.Nxd4 Nc6 5.Nc3 a6 6.Nxc6 bxc6 7.e5 Ne7 8.Bd3 Ng6
9.Qe2 d5 10.exd6 Bxd6 11.Bxg6 hxg6 12.Be3 Be7 13.Bd2 Qc7 14.Qf3 Bb7 15.Bf4 Bd6
16.Bxd6 Qxd6 17.Ne4 Qe5 18.O-O-O c5 19.Nd6+ Qxd6 20.Qxb7 Qf4+ 21.Rd2 O-O
22.g3 Qe5 23.f4 Qf6 24.Qe4 g5 25.fxg5 Qxg5 26.h4 Qh6 27.g4 Rad8 28.g5 Qh7
29.Qe5 Rxd2 30.Kxd2 Rd8+ 31.Kc1 Qf5 32.Qxf5 exf5 33.Re1 Rd5 34.Re7 Kh7 35.h5 f4
36.Rxf7 Rxg5 37.Rxf4 Rxh5 38.Ra4 Rh1+ 39.Kd2 Rh2+ 40.Kd3 Rh3+ 41.Ke2 Rh2+  1/2-1/2

[Event "Vizag GM Open 2012"]
[Site "Visakhapatnam IND"]
[Date "2012.10.29"]
[Round "5.8"]
[White "Ramnath,B"]
[Black "Adhiban,Baskaran"]
[Result "0-1"]
[WhiteElo "2359"]
[BlackElo "2564"]

1.e4 c5 2.Nf3 e6 3.d4 cxd4 4.Nxd4 Nc6 5.Nc3 Qc7 6.Be2 a6 7.O-O Nf6 8.Be3 Be7
9.f4 d6 10.a4 O-O 11.Kh1 Re8 12.Bf3 Rb8 13.Nb3 b6 14.g4 Nd7 15.g5 Bf8 16.Bg2 g6
17.Qd2 Na5 18.Qf2 Nc4 19.Bd4 Bb7 20.Rae1 e5 21.fxe5 Ncxe5 22.Re3 Bg7 23.Rh3 Rbc8
24.Nc1 Qd8 25.Nd3 Qe7 26.Qh4 h5 27.gxh6 Bf6 28.Qg3 Rc4 29.Be3 d5 30.Nf4 dxe4
31.h7+ Kh8 32.Ncd5 Bxd5 33.Nxd5 Qe6 34.Nxf6 Nxf6 35.c3 Nfg4 36.Bd4 f5 37.Bxe4 Rxd4
38.cxd4 Qc4 39.Bg2 Qxd4 40.Qe1 Rd8 41.Rc3 Nd3 42.Rxd3 Qxd3 43.h3 Ne3 44.Rf3 Re8
45.Rf4 Kxh7 46.Qh4+ Kg7 47.Qg3 Qd1+ 48.Kh2 Qd6 49.h4 Nxg2 50.Kxg2 Qd5+ 51.Rf3 Re4
52.Qc7+ Kh6 53.Kh3 Rxh4+  0-1

[Event "Vizag GM Open 2012"]
[Site "Visakhapatnam IND"]
[Date "2012.10.29"]
[Round "5.6"]
[White "Himanshu,Sh"]
[Black "Fominyh,A"]
[Result "1/2-1/2"]
[WhiteElo "2393"]
[BlackElo "2490"]

1.e4 c5 2.Nf3 Nc6 3.d4 cxd4 4.Nxd4 e6 5.Nc3 a6 6.Nxc6 bxc6 7.Bd3 d5 8.O-O Nf6
9.Qe2 Be7 10.b3 O-O 11.e5 Nd7 12.Na4 Qc7 13.f4 c5 14.c4 d4 15.Bd2 Bb7 16.Be1 Rae8
17.Bh4 Bxh4 18.Qh5 f5 19.Qxh4 Rf7 20.Rf2 Kh8 21.Re1 Bc6 22.Nb2 Qa5 23.Ra1 Rg8
24.Qg5 Qc7 25.Be2 g6 26.Bf3 Be4 27.Rd1 Kg7 28.Qg3 h6 29.Re2 Qc6 30.Rde1 Bxf3
31.Qxf3 Qxf3 32.gxf3 g5 33.Rg2 Kh7 34.Kf2 g4 35.Nd3 h5 36.h3 gxh3 37.Rxg8 Kxg8
38.Rh1 h4 39.Rxh3 Rh7 40.Ke2 Kf7 41.b4 cxb4 42.Nxb4 Nc5 43.Nd3 Nxd3 44.Kxd3 Ke7
45.Kxd4 Kd7 46.Kc5 Kc7 47.Kb4 Kb6 48.c5+ Kc6 49.Ka5 Kxc5 50.Kxa6 Kd4 51.Kb6 Ke3
52.Kc6 Kf2 53.Rh1 Kg2 54.Rb1 Ra7 55.Rb6 h3 56.Kd6 Ra6 57.Rxa6 h2 58.Kxe6 h1=Q
59.Kxf5 Qh3+ 60.Kg5 Qc8 61.Rf6 Qg8+ 62.Kh6 Kxf3 63.a4 Qh8+ 64.Kg6 Qg8+ 65.Kh6 Qh8+
66.Kg6 Qg8+ 67.Kh6 Qh8+  1/2-1/2

[Event "Vizag GM Open 2012"]
[Site "Visakhapatnam IND"]
[Date "2012.10.29"]
[Round "6.10"]
[White "Das,Say"]
[Black "Rahman,Zia"]
[Result "0-1"]
[WhiteElo "2330"]
[BlackElo "2502"]

1.e4 c5 2.Nf3 e6 3.d4 cxd4 4.Nxd4 Nc6 5.Nc3 Qc7 6.Be3 a6 7.Qd2 Nf6 8.O-O-O Bb4
9.f3 Ne7 10.Nde2 b5 11.Bf4 e5 12.Bg5 h5 13.a3 Bc5 14.b4 Bb6 15.Qd6 Qxd6 16.Rxd6 Bc7
17.Rxf6 gxf6 18.Bxf6 Rh6 19.Bxe7 Kxe7 20.Nd5+ Kd8 21.Ng3 Bb7 22.Nf5 Rg6 23.g3 Bxd5
24.exd5 a5 25.Bxb5 axb4 26.a4 Rg5 27.Ne3 Bd6 28.Kb2 Kc7 29.Nc4 Rf5 30.Rf1 e4
31.Nxd6 Kxd6 32.fxe4 Rxf1 33.Bxf1 Rxa4 34.Be2 h4 35.gxh4 b3 36.Bd3 bxc2 37.Bxc2 Ra8
38.Bd1 Ke5 39.Bg4 Kxe4 40.Bxd7 Kxd5 41.Kc3 Rd8 42.Bf5 Ke5 43.Bd3 Rh8 44.Kd2 Rxh4
45.Be2 Rxh2  0-1

[Event "16th OIBM 2012"]
[Site "Bad Wiessee GER"]
[Date "2012.10.30"]
[Round "4.19"]
[White "Namyslo,H"]
[Black "Sokolov,And1"]
[Result "1/2-1/2"]
[WhiteElo "2233"]
[BlackElo "2575"]

1.e4 c5 2.Nf3 Nc6 3.d4 cxd4 4.Nxd4 e6 5.Nc3 Qc7 6.Be2 Nf6 7.Be3 Be7 8.O-O O-O
9.f4 d6 10.Kh1 Nxd4 11.Bxd4 e5 12.Be3 Bd7 13.Qe1 Bc6 14.Bf3 exf4 15.Bxf4 Rfe8
16.Qg3 Bf8 17.Rae1 Nd7 18.Rd1 Qb6 19.b3 Qc5 20.Be2 Nf6 21.Bc4 b5 22.Bxd6 Bxd6
23.Rxd6 bxc4 24.Rdxf6 cxb3 25.Rxf7 Qe5 26.Qxe5 Rxe5 27.axb3 Bxe4 28.Nxe4 Rxe4
29.Rc7 a5 30.h3 Rf8 31.Rxf8+ Kxf8 32.Ra7 Re2 33.c4 Rb2 34.Rxa5 Rxb3 35.Ra7 h5
36.c5 Rc3 37.Rc7 Rc1+ 38.Kh2 h4 39.c6 Kg8 40.Rc8+ Kh7 41.c7 Kg6 42.g4 Rc2+
43.Kg1 Kg5 44.Kf1 Kg6 45.Ke1 Kg5 46.Kd1 Rc5 47.Kd2 g6 48.Kd3  1/2-1/2

[Event "e2e4 Basingstoke Int Open"]
[Site "Basingstoke ENG"]
[Date "2012.10.30"]
[Round "6.10"]
[White "Jackson,J"]
[Black "Andreev,Pete"]
[Result "1-0"]
[WhiteElo "2222"]
[BlackElo "1981"]

1.e4 c5 2.Nf3 Nc6 3.d4 cxd4 4.Nxd4 e6 5.Nc3 Qc7 6.Be3 Nf6 7.Bd3 a6 8.O-O Ne5
9.h3 Nxd3 10.cxd3 Bc5 11.Rc1 Bxd4 12.Nb5 Qa5 13.Nc7+ Ke7 14.Bxd4 Rb8 15.Ba7  1-0

[Event "39th ch-IND Premier w 2012"]
[Site "Jalgaon IND"]
[Date "2012.10.30"]
[Round "7.12"]
[White "Mokal,Amruta Sunil"]
[Black "Harini,S"]
[Result "0-1"]
[WhiteElo "2072"]
[BlackElo "2013"]

1.e4 c5 2.Nf3 e6 3.d4 cxd4 4.Nxd4 Nc6 5.Nc3 Qc7 6.g3 a6 7.Bg2 d6 8.O-O Bd7
9.Re1 Nf6 10.Nd5 exd5 11.exd5+ Ne7 12.Bg5 h6 13.Bxf6 gxf6 14.Re3 Kd8 15.Qh5 Ng6
16.Be4 Rg8 17.Rae1 Rc8 18.Qe2 Qc4 19.Nf5 Qxe2 20.R1xe2 Rc5 21.b4 Rc4 22.Bd3 Rxb4
23.c3 Rb6 24.Kf1 Ne5 25.Nd4 Bh3+ 26.Ke1 Nxd3+ 27.Rxd3 Rb1+ 28.Kd2 Bf1  0-1

[Event "Chigorin Memorial"]
[Site "St Petersburg RUS"]
[Date "2012.10.30"]
[Round "4.79"]
[White "Semenova,Ir"]
[Black "Iljiushenok,I"]
[Result "1-0"]
[WhiteElo "2216"]
[BlackElo "2427"]

1.e4 c5 2.Nf3 e6 3.d4 cxd4 4.Nxd4 Nc6 5.Nc3 Qc7 6.Be2 a6 7.O-O Nf6 8.Kh1 Be7
9.f4 d6 10.Be3 O-O 11.Qe1 Nxd4 12.Bxd4 b5 13.a3 Bb7 14.Qg3 Rad8 15.Bf3 Bc6
16.b4 g6 17.Rae1 Rd7 18.Re2 Bb7 19.Rd1 Rc8 20.Rd3 d5 21.e5 Ne4 22.Qe1 Qc4
23.Nd1 Qc7 24.g4 Rf8 25.g5 h6 26.gxh6 Kh7 27.Rg2 f5 28.Qg1 g5 29.fxg5 Bxg5
30.Rxg5 Nxg5 31.Qxg5 Qxc2 32.Rd2 Qb3 33.Qe3 Qxe3 34.Nxe3 Kxh6 35.Ng2 Rc7
36.Bc5 Rg8 37.Nf4 Bc8 38.Rd3 a5 39.Be2 axb4 40.axb4 d4 41.Rh3+ Kg5 42.Nd3 Bb7+
43.Kg1 Kg6 44.Kf2 f4 45.Nxf4+ Kf5 46.Nd3 Rg2+ 47.Ke1 Rcg7 48.Bxd4 Rd7 49.Be3 Rc7
50.Rh5+ Ke4 51.Bc5 Rc8 52.Nf2+ Kf4 53.Nh3+ Ke4 54.Nf2+ Kf4 55.Bxb5 Ra8 56.Nd1 Ra1
57.Be3+ Kf3 58.Rh3+ Kg4 59.Rg3+ Rxg3 60.hxg3 Bf3 61.Be2 Rb1 62.Bc5 Kxg3 63.Bxf3 Kxf3
64.Kd2 Kf4 65.Bd6 Rb3 66.Nc3 Rxb4 67.Bxb4 Kxe5 68.Ke3 Kf5 69.Bd6 e5 70.Bb8 Kg4
71.Ne2 Kh3 72.Bxe5 Kg2 73.Ng3 Kg1 74.Kf3 Kh2 75.Bd4 Kh3 76.Nf1 Kh4 77.Be5 Kh3
78.Nd2 Kh4 79.Ne4 Kh3 80.Bd6 Kh4 81.Bg3+ Kh5 82.Kf4 Kg6 83.Bh4 Kf7 84.Kf5 Ke8
85.Nc5 Kf7 86.Bf6 Ke8 87.Ke6 Kf8 88.Ne4 Ke8 89.Nd6+ Kf8 90.Kf5 Kg8 91.Kg6 Kf8  1-0